Handbook on foreign direct investment by small and medium-sized entreprises lesons from Asia
Salvato in:
| Natura: | Libro |
|---|---|
| Lingua: | inglese |
| Pubblicazione: |
New York
United Nations
1998
|
| Serie: | UNCTAD/ITE/IIT/6
|
| Soggetti: | |
| Tags: |
Nessun Tag, puoi essere il primo ad aggiungerne!!
|
MARC
| LEADER | 00000nam a2200000 4500 | ||
|---|---|---|---|
| 001 | c124760 | ||
| 005 | 20221221082534.9 | ||
| 020 | |a 92-1-112425-5 | ||
| 041 | 0 | |a eng | |
| 044 | |a US | ||
| 245 | 1 | 0 | |a Handbook on foreign direct investment by small and medium-sized entreprises |b lesons from Asia |
| 264 | 1 | |a New York |b United Nations |c 1998 | |
| 300 | |a 200 s. | ||
| 490 | 1 | |a UNCTAD/ITE/IIT/6 | |
| 830 | 0 | |a UNCTAD/ITE/IIT/6 | |
| 610 | 2 | 0 | |a investície priame zahraničné |
| 610 | 2 | 0 | |a podnikanie drobné |
| 610 | 2 | 0 | |a podnikanie malé |
| 610 | 2 | 0 | |a podnik malý |
| 610 | 2 | 0 | |a podnik stredný |
| 610 | 2 | 0 | |a Ázia |
| 610 | 2 | 0 | |a investori |
| 610 | 2 | 0 | |a investovanie |
| 610 | 2 | 0 | |a spolupráca medzinárodná |